Povídky malostranské /
Klasické dílo české literatury druhé poloviny 19. století, jedna z nejčtenějších a nejpopulárnějších Nerudových knih, je prodchnuté láskou a úctou k prostým lidem.
Uloženo v:
| Hlavní autor: | |
|---|---|
| Médium: | E-kniha |
| Jazyk: | Czech |
| Vydáno: |
Praha :
Dobrovský s.r.o.,
2021
|
| Edice: | 1400
|
| Témata: | |
| Tagy: |
Žádné tagy |
| LEADER | 02344cam a2200433 i 4500 | ||
|---|---|---|---|
| 001 | 312263 | ||
| 003 | CZ PrSKC | ||
| 005 | 20260601215719.0 | ||
| 007 | ta | ||
| 008 | 210810s2021 xr g 000 j cze | ||
| 015 | |a cnb003346210 | ||
| 020 | |a 9788027703166 |q (vázáno) | ||
| 035 | |a (OCoLC)1274108984 | ||
| 040 | |a ABG001 |b cze |d ABA001 |e rda | ||
| 043 | |a e-xr--- |b e-xr-pg |2 czenas | ||
| 072 | 7 | |a 821.162.3-3 |x Česká próza |2 Konspekt | |
| 080 | |a 821.162.3-32 |2 MRF | ||
| 080 | |a (437.311) |2 MRF | ||
| 080 | |a (0:82-32) |2 MRF | ||
| 100 | 1 | |a Neruda, Jan, |d 1834-1891 |7 jk01083209 |4 aut | |
| 240 | 1 | 0 | |a Povídky malostranské |7 aun2007414745 |
| 245 | 1 | 0 | |a Povídky malostranské / |c Jan Neruda |
| 264 | 1 | |a Praha : |b Dobrovský s.r.o., |c 2021 | |
| 300 | |a 259 stran ; |c 21 cm | ||
| 336 | |a text |b txt |2 rdacontent | ||
| 337 | |a bez média |b n |2 rdamedia | ||
| 338 | |a svazek |b nc |2 rdacarrier | ||
| 490 | 1 | |a 1400 | |
| 520 | 2 | |a Klasické dílo české literatury druhé poloviny 19. století, jedna z nejčtenějších a nejpopulárnějších Nerudových knih, je prodchnuté láskou a úctou k prostým lidem. |b Ze sbírky třinácti povídek z Malé Strany zaznívá nejenom autorův hluboký soucit s chudými, slabými a stále ponižovanými obyvateli nuzných malostranských příbytků, ale i odsouzení nadutých a bezcitných maloměšťáků, kteří je ponižují. Kniha je jedinečná nejen uměleckou bravurou, ale hlavně hlubokým pochopením pro nelehký osud drobných figurek svérázné pražské čtvrti, v níž Neruda dlouhá léta žil a jejíž neopakovatelnou atmosféru vykreslil s mistrovskou přesvědčivostí. | |
| 651 | 7 | |a Malá Strana (Praha, Česko) |7 ge128513 |2 czenas | |
| 651 | 9 | |a Malá Strana (Prague, Czechia) |2 eczenas | |
| 655 | 7 | |a české povídky |7 fd133971 |2 czenas | |
| 655 | 9 | |a Czech short stories |2 eczenas | |
| 830 | 0 | |a 1400 | |
| 900 | |a ABA001 |b 20 | ||
| 044 | |a xr | ||
| 910 | |a RBIT002 | ||
| 998 | |d 395883 |a https://core.palmknihy.cz/api/books/395883/cover?s7ny3c |b https://core.palmknihy.cz/api/books/395883/cover/400?s7ny3c |c https://core.palmknihy.cz/api/books/395883/cover/50?s7ny3c |e |g 221 |i 9788027703166 |j https://core.palmknihy.cz/api/books/395883/preview.epub |k https://core.palmknihy.cz/api/books/395883/preview.pdf |l |q 49 |r 1 |s https://www.palmknihy.cz/kniha/395883 |t ebook |y 2023 |z 0 | ||
| 999 | |d 312261 | ||